|
|
|
|
| LEADER |
01354nam a22003377a 4500 |
| 001 |
39575 |
| 003 |
BD-DhAAL |
| 008 |
220906t2020 sz b 001|0|eng|d |
| 999 |
|
|
|c 44827
|d 44827
|
| 020 |
|
|
|a 9783030506827
|
| 020 |
|
|
|a 9783030506803 (eBook)
|
| 040 |
|
|
|a BD-DhAAL
|c BD-DhAAL
|
| 082 |
|
|
|a 822.33
|2 23
|
| 100 |
|
|
|a MacDonald, Joyce Green,
|e author.
|9 51305
|
| 245 |
|
|
|a Shakespearean adaptation, race and memory in the new world /
|c Joyce Green MacDonald.
|
| 260 |
|
|
|a Cham, Switzerland :
|b Palgrave Macmillan,
|c 2020.
|
| 300 |
|
|
|a ix, 179 pages ;
|c 22 cm.
|
| 490 |
|
|
|a Palgrave Shakespeare studies
|
| 504 |
|
|
|a Includes bibliographical references and index.
|
| 526 |
|
|
|a ENH
|
| 541 |
|
|
|a Paragon Enterprises LTD
|e 39575
|
| 600 |
|
|
|a Shakespeare, William,
|d 1564-1616
|x Adaptations.
|9 51306
|
| 650 |
|
|
|a Women in literature.
|9 51307
|
| 650 |
|
|
|a Women in motion pictures.
|9 51308
|
| 650 |
|
|
|a Women, Black, in literature.
|9 51309
|
| 650 |
|
|
|a Women, Black, in motion pictures.
|9 51310
|
| 650 |
|
|
|a English literature.
|9 51311
|
| 830 |
|
|
|a Palgrave Shakespeare studies
|9 51312
|
| 852 |
|
|
|a Ayesha Abed Library
|c General Stacks
|
| 942 |
|
|
|2 ddc
|c BK
|
| 952 |
|
|
|0 0
|1 0
|2 ddc
|4 0
|6 822_330000000000000_MAC
|7 0
|9 71763
|a BRACUL
|b BRACUL
|c GEN
|d 2022-08-31
|e Paragon Enterprises LTD
|g 7000.00
|l 0
|o 822.33 MAC
|p 3010039575
|r 2022-08-31
|t 1
|v 7000.00
|w 2022-08-31
|y BK
|